Catàleg del Col·legi de Periodistes de Catalunya

Textos de doctrina y política de la información (Registre núm. 3585)

000 -CABECERA
Longitud fija campo de control 00796nam a2200217 a 4500
001 - NÚMERO DE CONTROL
Número de control 3585
003 - IDENTIFICADOR DEL NÚMERO DE CONTROL
Identificador del número de control CDMR
005 - FECHA Y HORA DE LA ÚLTIMA TRANSACCIÓN
Fecha y hora de la última transacción 20131129095543.0
008 - CÓDIGOS DE INFORMACIÓN DE LONGITUD FIJA
Códigos de información de longitud fija 130130s1960||||||||||||||||||||||||||||d
040 ## - FUENTE DE LA CATALOGACIÓN
Centro catalogador de origen CDMR
Lengua de catalogación cat
Centro transcriptor CDMR
100 1# - PUNTO DE ACCESO PRINCIPAL-NOMBRE DE PERSONA
Nombre de persona Arias Salgado, Gabriel
9 (RLIN) 2300
245 10 - MENCIÓN DE TÍTULO
Título Textos de doctrina y política de la información
Mención de responsabilidad, etc. Gabriel Arias-Salgado
260 ## - PUBLICACIÓN, DISTRIBUCIÓN, ETC. (PIE DE IMPRENTA)
Lugar de publicación, distribución, etc. Madrid
Fecha de publicación, distribución, etc. 1960
Nombre del editor, distribuidor, etc. Ministerio de Información y Turismo
300 ## - DESCRIPCIÓN FÍSICA
Extensión 3 v.
505 ## - NOTA DE CONTENIDO CON FORMATO
Nota de contenido con formato Conté: 1.- Discursos y declaraciones ; 2.- Correspondencia y diálogo ; 3.- Antología ordenada
650 04 - PUNTO DE ACCESO ADICIONAL DE MATERIA - TÉRMINO DE MATERIA
9 (RLIN) 3728
Término de materia o nombre geográfico como elemento inicial Premsa
Subdivisión de materia general Política governamental
650 04 - PUNTO DE ACCESO ADICIONAL DE MATERIA - TÉRMINO DE MATERIA
9 (RLIN) 2737
Término de materia o nombre geográfico como elemento inicial Premsa
Subdivisión de materia general Dret i legislació
650 04 - PUNTO DE ACCESO ADICIONAL DE MATERIA - TÉRMINO DE MATERIA
9 (RLIN) 4358
Término de materia o nombre geográfico como elemento inicial Espanya
Subdivisión de materia general Política de la comunicació
710 1# - PUNTO DE ACCESO ADICIONAL - NOMBRE DE ENTIDAD
9 (RLIN) 4357
Nombre de entidad o nombre de jurisdicción como elemento inicial Espanya
Unidad subordinada -- Ministerio de Información y Turismo
942 ## - ENTRADA DE ELEMENTOS AGREGADOS (KOHA)
Koha [por defecto] tipo de item Monografies
Fuente de clasificaión o esquema
Fons
Suprimido Perdido Estropeado No para préstamo Localización permanente Localización actual Fecha adquisición Serie de enumeración / cronología Préstamos totales Signatura completa Código de barras Fecha última consulta Fecha del precio de reemplazo Tipo de item de Koha
        Centre de Documentació Montserrat Roig Centre de Documentació Montserrat Roig 2013-01-16 Tomo I   Cg 3/1 CDMR13119908 2013-01-16 2013-01-16 Reserva / Històric
        Centre de Documentació Montserrat Roig Centre de Documentació Montserrat Roig 2013-01-16 Tomo II   Cg 3/2 CDMR13119909 2013-01-16 2013-01-16 Reserva / Històric
        Centre de Documentació Montserrat Roig Centre de Documentació Montserrat Roig 2013-01-16 Tomo III   Cg 3/3 CDMR13119910 2013-01-16 2013-01-16 Reserva / Històric

Implantat amb Koha